Global logic : the challenge of globalisation for Southeast Asian business.
| Main Author: | |
|---|---|
| Format: | Book |
| Published: |
Jurong:
Prentice Hall,
2002.
|
| Subjects: |
| LEADER | 00537cam a2200157 7i4500 | ||
|---|---|---|---|
| 001 | 0000014369 | ||
| 005 | 20040828090000.0 | ||
| 020 | 0 | 0 | |a 0-13-009318-1 |
| 090 | 0 | 0 | |a B 337.1 |b REY |
| 100 | 1 | 0 | |a Reynolds |
| 245 | 1 | 0 | |a Global logic : |b the challenge of globalisation for Southeast Asian business. |
| 260 | 0 | 0 | |a Jurong: |b Prentice Hall, |c 2002. |
| 300 | # | # | |a 433 p. |
| 650 | 0 | 0 | |a Asia, Southeastern -- |x Economic conditions |
| 650 | 0 | 0 | |a Globalisation -- |x Economic aspects -- |z Asia, Southeastern |
| 999 | |a B000016244 |b Book |c Book |e Business Information Centre | ||


